Mass Media Law 5th Ed (Record no. 20965)
[ view plain ]
| 000 -LEADER | |
|---|---|
| fixed length control field | 00323nam a22001337a 4500 |
| 008 - FIXED-LENGTH DATA ELEMENTS--GENERAL INFORMATION | |
| fixed length control field | 241018b |||||||| |||| 00| 0 eng d |
| 020 ## - INTERNATIONAL STANDARD BOOK NUMBER | |
| ISBN | 978-81-19107-54-4 |
| 100 ## - MAIN ENTRY--AUTHOR NAME | |
| Personal name | S R Myneni |
| 245 ## - TITLE STATEMENT | |
| Title | Mass Media Law 5th Ed |
| 250 ## - EDITION STATEMENT | |
| Edition statement | 5th Ed. |
| 260 ## - PUBLICATION, DISTRIBUTION, ETC. (IMPRINT) | |
| Place of publication | Hyderabad |
| Name of publisher | Asia Law House |
| Year of publication | 2024 |
| 300 ## - PHYSICAL DESCRIPTION | |
| Number of Pages | 543 |
| 942 ## - ADDED ENTRY ELEMENTS (KOHA) | |
| Source of classification or shelving scheme | Dewey Decimal Classification |
| Koha item type | Books |
| Accession Number | Bill Date | Source of acquisition | Price effective from | Koha item type | Withdrawn / writtenoff status | Damaged status | Not for loan | Permanent Location | Current Location | Shelving location | Date acquired | Lost/ Missing status | department |
|---|---|---|---|---|---|---|---|---|---|---|---|---|---|
| LLB 1413 | 14-10-2024 | ABD Publisher | 10/18/2024 | Books | Not For Loan | MIET Library, Jammu | MIET Library, Jammu | 202/3 | 10/17/2024 | BBA LLB | |||
| LLB 1414 | 14-10-2024 | ABD Publisher | 10/18/2024 | Books | MIET Library, Jammu | MIET Library, Jammu | 206/5 | 10/17/2024 | BBA LLB | ||||
| LLB 1415 | 14-10-2024 | ABD Publisher | 10/18/2024 | Books | MIET Library, Jammu | MIET Library, Jammu | 206/5 | 10/17/2024 | BBA LLB | ||||
| LLB 1416 | 14-10-2024 | ABD Publisher | 10/18/2024 | Books | MIET Library, Jammu | MIET Library, Jammu | 206/5 | 10/17/2024 | BBA LLB | ||||
| LLB 1417 | 14-10-2024 | ABD Publisher | 10/18/2024 | Books | MIET Library, Jammu | MIET Library, Jammu | 206/5 | 10/17/2024 | BBA LLB |